Gaming Quiz

Random Gaming or Board Games Quiz

Monopoly by Boardwalk Quiz Stats

Quiz Updated Aug 15, 2012

Challenge
Share
Tweet
Embed
Score 0/54 Timer 10:00
2 Plays Today
The most expensive property is ... ... in which edition? % Correct
Statue of LibertyNew York City
81.6%
Casino RoyaleJames Bond 007
80%
BatcaveBatman
79%
WolverineX-Men
75%
SnoopyPeanuts
74.3%
Krusty KrabSpongeBob SquarePants
71.8%
Kermit the Frog's SwampThe Muppets
71.4%
Yahoo!.com
68.7%
Derek JeterNew York Yankees World Series Champions 2009
67.2%
The Green GoblinSpider-Man
64.9%
MarioNintendo
63.4%
SportsCenterESPN
62.5%
Bugs Bunny's Rabbit HoleLooney Tunes
61.2%
'Lucy Does a TV Commercial'I Love Lucy
61%
Brett FavreGreen Bay Packers
60.2%
Fortress of SolitudeSuperman Returns
55.9%
The StripFabulous Las Vegas
52.4%
Pebble BeachGolf
48.2%
Rue de la PaixFrance
44.9%
Mount DoomThe Lord of the Rings
42.2%
Milky Way GalaxyAstronomy
40.1%
Imperial PalaceStar Wars: Original Trilogy
39.2%
Josh BeckettRed Sox 07 World Series Champions
38.6%
Bill RussellBoston Celtics
32.8%
Tom LandryDallas Cowboys
32.8%
NidokingPokémon
32.3%
BB GunA Christmas Story
30.2%
The most expensive property is ... ... in which edition? % Correct
Doctor DoomFantastic Four
30.2%
PetoriaFamily Guy
30.1%
The United States Department of DefenseUnited States Army
29.2%
Classic BettyBetty Boop
28.7%
CybertronTransformers
28.7%
Andy's RoomDisney Pixar
25.8%
MayfairStandard United Kingdom
21.1%
Joe Cool's SunglassesSnoopy: It's a Dog's Life
21.1%
Apple StudiosBeatles
20.7%
Requiem for MethuselahStar Trek: The Original Series
19.6%
Amazon TempleIndiana Jones
19.3%
Fat CatGarfield
15.9%
The FinaleSeinfeld
15.5%
Home Sweet HomeThe Wizard of Oz
13.9%
M16A2 Service RifleU.S. Marines
13.6%
AntarcticaPlanet Earth
12.1%
Shipwreck CityPirates of the Caribbean Trilogy
11.6%
Santa's Reindeer RunwayRudolph the Red-Nosed Reindeer
9.2%
Billy WilliamsChicago Cubs
9.2%
QStar Trek: The Next Generation
8%
1920 Lead Glass BottleCoca-Cola Collector's Edition
7%
Jack's TowerThe Nightmare Before Christmas
6.4%
Ken and DeirdreCoronation Street
5%
Springfield CemeteryThe Simpsons Treehouse of Horror
4.1%
Times Square New YorkHere & Now
3.5%
Strength of SteelJustice League of America
3%
Diamond Head Lighthouse, HIU.S. Coast Guard
1.4%

You're not logged in!

Compare scores with friends on all Sporcle quizzes.
Sign Up with Email
OR
Log In

You Might Also Like...

Show Comments

Extras

Top Quizzes Today


Score Distribution

Your Account Isn't Verified!

In order to create a playlist on Sporcle, you need to verify the email address you used during registration. Go to your Sporcle Settings to finish the process.